000 00673nam a2200229Ia 4500
003 OSt
005 20220924121846.0
006 a|||||r|||| 00| 0
007 ta
008 220923b |||||||| |||| 00| 0 mal d
024 _a351595
037 _cTextual
040 _aARTS
_cARTS
_bmal
041 _2mal
_amal
082 _aO32,4N01x, M7
100 _aWarrier N V Krishna Au.
_9187529
245 0 _aHrudayathinte vathayanangal
260 _aKerala
_bSahithya pravarthaka co-operative society India
_c1987
650 _aMALAYALAM LITERATURE
_938866
942 _hO32,4N01x, M7
_cTEXL
_2CC
999 _c409325
_d409325